[Event "WJCC U20 Girls 2019"]
[Site "New Delhi"]
[Date "2019.10.22"]
[Round "8.21"]
[White "Ananya, Suresh"]
[Black "Narva, Mai"]
[Result "0-1"]
[WhiteElo "1896"]
[BlackElo "2378"]
[Annotator "TA"]
[PlyCount "68"]
[EventDate "2019.10.15"]
[EventType "swiss"]
[EventCountry "IND"]
[SourceTitle "playchess.com"]
[Source "ChessBase"]
[SourceQuality "1"]

{[%evp 19,68,65,56,44,53,45,74,68,117,64,60,47,62,43,104,20,19,0,0,0,0,0,0,-29,-23,-104,-89,-100,-106,-131,-85,-75,-64,-77,0,0,0,0,0,-249,-242,-398,-391,-883,-870,-985,-962,-904,-862,-806,-772]} 1. e4 c5 2. Nf3 e6 3. d4 cxd4 4. Nxd4 Nc6 5. Be3 Qc7 6. a3 a6 7. c4 Nf6 8. Nc3 Be7 9. Be2 O-O 10. O-O d6 11. Kh1 {B41: Sicilian: Kan Variation: 5 c4} (11. Rc1 Ne5 12. b4 Bd7 13. f4 Nxc4 14. Bxc4 Qxc4 15. Nb1 Qxc1 16. Bxc1 Nxe4 17. Nd2 Nc3 18. Qf3 Rac8 {1-0 (27) Vocaturo,D (2590)-Bischoff,K (2504) Germany 2015}) 11... Ne5 12. Rc1 b6 $146 ({Predecessor:} 12... Bd7 13. f4 Ng6 14. Qe1 Rac8 15. Qg3 Ne8 16. f5 Bh4 17. Qf3 Ne5 {0-1 (78) Lanyi,J (1975)-Krajnik,R (1859) Kosice 2011}) 13. f4 {White is better.} Ned7 14. b4 ({White should play} 14. Bf3 $16) 14... Bb7 $14 15. Bd3 Rac8 16. Qf3 Qb8 (16... Qd8 $14) 17. Qg3 (17. g4 $16) 17... Qa8 $11 {[%cal Rf6e4]} 18. Nd5 Bd8 19. e5 Nxd5 20. cxd5 Bxd5 21. exd6 Bf6 22. Rc7 (22. Qh3 $11 g6 23. f5 Rxc1 24. Rxc1) 22... Rxc7 $17 23. dxc7 Rc8 $1 24. Qh3 h6 25. f5 {[%cal Rf5e6] [#]} e5 $1 $36 {[%cal Re5d4][%mdl 2048] Black fights for an advantage.} ({Much weaker is} 25... Rxc7 $6 26. fxe6 fxe6 27. Nxe6 $14) 26. Ne6 $1 b5 ({Of course not} 26... fxe6 27. fxe6 Nf8 28. Rxf6 $11) (26... Qb7 $17 {...e4 is the strong threat.} 27. Bb1 a5) 27. Nxg7 $1 $11 Kxg7 28. Bxh6+ Kg8 29. Qg3+ $2 (29. Rc1 $11 {and White stays safe.}) 29... Kh7 $19 30. Bg5 $2 {[#]} (30. Be3 {is a better defense.}) 30... Bxg2+ $1 {[%mdl 576] Double Attack} 31. Kg1 $2 (31. Qxg2 Qxg2+ 32. Kxg2 Bxg5 33. h4) 31... Bxf1 {Black is clearly winning.} 32. Qh4+ {[#]} Kg8 $1 {[%csl Gf1][%cal Ra8g2]} 33. Bxf1 Qc6 34. Qg3 Kf8 {Accuracy: White = 32%, Black = 64%.} 0-1

[Event "WJCC U20 Girls 2019"]
[Site "New Delhi"]
[Date "2019.10.22"]
[Round "8.22"]
[White "Potapova, Margarita"]
[Black "Bakshi, Rutuja"]
[Result "1-0"]
[WhiteElo "2377"]
[BlackElo "2029"]
[Annotator "TA"]
[PlyCount "105"]
[EventDate "2019.10.15"]
[EventType "swiss"]
[EventCountry "IND"]
[SourceTitle "playchess.com"]
[Source "ChessBase"]
[SourceQuality "1"]

{[%evp 17,169,37,39,37,38,20,52,52,52,51,55,19,13,31,24,33,43,0,16,23,22,14,13,0,18,8,23,0,59,68,89,37,71,21,15,0,0,0,2,-32,33,33,36,0,24,-71,12,-6,50,10,26,0,95,100,89,89,120,104,131,121,300,281,482,466,466,465,457,439,441,423,423,392,383,303,470,366,350,345,419,408,632,625,738,737,684,692,1206,1182,2120,897,913,808,727,779,818,761,782,769,642,782,10311,12834,12840,12841,12841,12842,12844,12830,12837,10543,12845,12847,12846,8552,6083,6854,5154,4822,12846,12846,12850,29939,29946,29951,29949,29950,29957,29960,29957,29957,29963,29961,29961,29959,12378,4645,4633,0,0,0,0,0,0,0,29985,29986,29986,29987,29989,0,29990,0,29991,29992]} 1. d4 d5 2. c4 c6 3. Nf3 Nf6 4. e3 g6 5. Nc3 Bg7 6. Be2 O-O 7. O-O dxc4 8. Bxc4 Bg4 9. Be2 Nbd7 {[%cal Bb8d7,Bd7b6,Bb6c4,Bc4e5,Be5c6,Bc6d4][%mdl 32]} 10. e4 {D94: Grünfeld: 4 Nf3 Bg7 5 e3} (10. h3 Bxf3 11. Bxf3 e5 12. d5 cxd5 13. Bxd5 Nc5 14. Bc4 e4 15. Qe2 Qe7 16. b3 Nd3 17. a4 Nxc1 18. Raxc1 {½-½ (46) Aronian,L (2756)-Yu,Y (2736) Riga 2019}) 10... Nb6 11. Bg5 h6 $146 ({Predecessor:} 11... Re8 12. Re1 h6 13. Bf4 Nh7 14. Ne5 Bxe2 15. Rxe2 Ng5 16. d5 Qd6 17. Nd3 e5 18. Bxg5 hxg5 {1-0 (38) Van Beek,L (2341)-Hoogendoorn,J (2429) Belgium 2002}) 12. Be3 {White is slightly better.} Bxf3 13. Bxf3 Nc4 14. Bc1 e5 15. dxe5 Nxe5 16. Be2 Qe7 17. h3 Rfd8 18. Qc2 c5 19. Be3 Nc6 20. Rae1 Nd4 21. Qb1 a6 22. f4 Ne8 (22... b5 $11) 23. Bd1 Nc7 24. e5 (24. f5 $16) 24... f5 25. Kh2 h5 26. g3 b5 27. b3 Rac8 28. Rg1 b4 (28... Nce6 $15) 29. Na4 $1 $14 Nd5 30. Rg2 a5 31. Kg1 (31. Qc1 $11 {keeps the balance.}) 31... Bh6 (31... h4 $17 32. Bd2 hxg3) 32. Qc1 Kf7 ({Black should play} 32... h4 $11 33. g4 Kh8) 33. Bd2 Ne6 34. Be2 Kf8 (34... h4 $11) 35. Bc4 $16 Qb7 36. Rf1 $36 {[%mdl 2048] White is on the roll.} Nd4 37. g4 hxg4 38. hxg4 Ke7 $2 (38... Rc7 $16 {might work better.} 39. Qd1 Qc6) 39. Qe1 $18 {Hoping for Qh4+.} Rh8 $2 (39... Ke8 40. gxf5 Nxf5 41. Rxg6 Qh7) 40. Bxd5 {[%mdl 64] [#] Overworked Piece} Qxd5 41. Nb6 $1 {[%csl LRc8,LRd5][%mdl 64] Double Attack} Qc6 42. Qh4+ ({Not} 42. Nxc8+ Qxc8 43. Qh4+ g5 $18) 42... g5 43. Nxc8+ Qxc8 44. fxg5 Bg7 45. Qg3 {Strongly threatening gxf5.} fxg4 (45... Qa6 {was called for.} 46. Qf2 (46. gxf5 Rh1+ {[%mdl 64] Decoy} 47. Kxh1 Qxf1+ 48. Rg1 Qxf5 $18) 46... Rf8) 46. Qxg4 Qxg4 47. Rxg4 Bxe5 48. g6 Kd6 (48... Rg8 $142 49. Bh6 c4 50. bxc4 Bf6) 49. g7 Rg8 50. Bh6 Ne6 51. Rf8 Bxg7 {White must now prevent ...Bd4+.} 52. Rxg8 Bxh6 53. R4g6 {Played: Rg8-g6} 1-0

[Event "WJCC U20 Girls 2019"]
[Site "New Delhi"]
[Date "2019.10.22"]
[Round "8.23"]
[White "Obregon Garcia, Roxangel"]
[Black "Bhagyashree Patil"]
[Result "*"]
[WhiteElo "2267"]
[BlackElo "1802"]
[Annotator "ChessBase"]
[PlyCount "49"]
[EventDate "2019.10.15"]
[EventType "swiss"]
[EventCountry "IND"]
[SourceTitle "playchess.com"]
[Source "ChessBase"]
[SourceQuality "1"]
[TimeControl "40/5400+30:1800+30"]

1. e4 {[%emt 0:00:00]} e5 {[%emt 0:00:00]} 2. Nf3 {[%emt 0:00:00]} Nc6 {[%emt 0:00:00]} 3. Bb5 {[%emt 0:00:00]} a6 {[%emt 0:00:03]} 4. Ba4 {[%emt 0:00:01]} Nf6 {[%emt 0:00:04]} 5. O-O {[%emt 0:00:15]} Be7 {[%emt 0:00:11]} 6. Re1 {[%emt 0:00:14]} b5 {[%emt 0:00:05]} 7. Bb3 {[%emt 0:00:05]} d6 {[%emt 0:00:05]} 8. c3 {[%emt 0:00:14]} O-O {[%emt 0:00:09]} 9. d4 {[%emt 0:00:05]} exd4 {[%emt 0:12:12]} 10. cxd4 {[%emt 0:00:15]} Na5 {[%emt 0:00:05]} 11. Bc2 {[%emt 0:00:57]} c5 {[%emt 0:00:09]} 12. h3 {[%emt 0:07:35]} Nc6 {[%emt 0:10:28]} 13. Nc3 {[%emt 0:10:29]} Bb7 {[%emt 0:06:45]} 14. d5 {[%emt 0:16:22]} Ne5 {[%emt 0:05:06]} 15. Nh2 {[%emt 0:01:54]} Ng6 {[%emt 0:03:09]} 16. Ne2 {[%emt 0:04:06]} Re8 {[%emt 0:04:16]} 17. Ng3 {[%emt 0:00:55]} Nd7 {[%emt 0:04:02]} 18. Nf5 {[%emt 0:02:20]} Nb6 {[%emt 0:01:57]} 19. b3 {[%emt 0:27:44]} Bf6 {[%emt 0:02:23]} 20. Rb1 {[%emt 0:00:04]} Bc8 {[%emt 0:00:38]} 21. Ng4 {[%emt 0:03:13]} Bc3 {[%emt 0:05:45]} 22. Nh2 Bf6 23. Ng4 Bc3 24. Re3 b4 25. Qf3 *

[Event "WJCC U20 Girls 2019"]
[Site "New Delhi"]
[Date "2019.10.22"]
[Round "8.23"]
[White "Obregon Garcia, Roxangel"]
[Black "Bhagyashree Patil"]
[Result "0-1"]
[WhiteElo "2267"]
[BlackElo "1802"]
[Annotator "TA"]
[PlyCount "94"]
[EventDate "2019.10.15"]
[EventType "swiss"]
[EventCountry "IND"]
[SourceTitle "playchess.com"]
[Source "ChessBase"]
[SourceQuality "1"]

{[%evp 22,94,37,25,57,62,64,46,54,29,51,49,43,35,45,36,55,35,37,34,34,37,44,-26,0,0,0,7,7,7,0,1,42,-150,-162,-174,-172,-178,-164,-165,-77,-132,-122,-142,0,0,0,-415,0,-300,-308,-289,-309,-309,-293,-306,-300,-287,-277,-350,-304,-317,-318,-348,-281,-386,-377,-399,-367,-472,-449,-472,-436,-595,-514]} 1. e4 e5 2. Nf3 Nc6 3. Bb5 a6 4. Ba4 Nf6 5. O-O Be7 6. Re1 b5 7. Bb3 d6 8. c3 O-O 9. d4 exd4 10. cxd4 Na5 11. Bc2 c5 12. h3 Nc6 {C96: Closed Ruy Lopez: Chigorin Defence: 11 d4, replies other than 11...Qc7} (12... Re8 13. Nc3 Bb7 14. d5 Nd7 15. b3 Bf6 16. Bb2 Ne5 17. Rb1 Bc8 18. Nxe5 dxe5 19. Bc1 Nb7 20. Be3 {1-0 (92) Steinberg,N (2535)-Kriebel,T (2488) Novy Bor 2018}) 13. Nc3 {[%cal Bb1c3,Bc3e2,Be2g3,Bg3f5][%mdl 32]} Bb7 14. d5 Ne5 {White is slightly better.} 15. Nh2 $146 ({Predecessor:} 15. Nxe5 dxe5 16. f4 Bd6 17. f5 b4 18. Nb1 a5 19. Nd2 Ba6 20. b3 {1-0 (62) Tsenov,T (2129)-Horinek,K (1962) Prague 2017}) 15... Ng6 16. Ne2 Re8 17. Ng3 Nd7 18. Nf5 Nb6 19. b3 Bf6 20. Rb1 Bc8 21. Ng4 Bc3 22. Re3 (22. Bd2 $14 Bxd2 23. Qxd2) 22... b4 (22... Bxf5 $5 23. exf5 Rxe3 24. Bxe3 Ne5 $11) 23. Qf3 Ne5 24. Qg3 {White threatens Ngh6+ and mate.} Nxg4 25. hxg4 Be5 $36 {[%mdl 2048] Black is pushing.} 26. f4 Bxf5 27. gxf5 $2 (27. fxe5 $14 {is the one way to stay ahead.} Bg6 28. exd6) 27... Bd4 $17 28. Kf1 Bxe3 29. Bxe3 Qf6 30. Bc1 Qc3 (30... c4 $19 {has better winning chances.} 31. bxc4 Nxc4 32. Rxb4 Qd4) 31. Qf2 {[#]} (31. Qxc3 $142 bxc3 32. b4) 31... Qd4 $1 32. Be3 {[#]} Qc3 (32... Qf6 $1 $17 {Threatens to win with ...a5.} 33. Kg1 a5) 33. Bc1 $1 $11 {[%cal Rc1b2] aiming for Bb2.} Qd4 34. Qg3 $2 {[%mdl 8192]} (34. Be3 $1 $11 Qf6 35. Bc1) 34... Qc3 $2 ({Better is} 34... Rxe4 $19 35. Bxe4 Qxe4 {[%mdl 64] Double Attack}) 35. Bd3 $2 {[%mdl 8192]} (35. Qf2 $1 $11 {and White has nothing to worry.} Qf6 36. g4) 35... c4 $19 36. bxc4 Nxc4 {White must now prevent ...Rxe4!} 37. Qf3 Qxc1+ {[%mdl 64] Remove Defender} 38. Rxc1 Nd2+ {[%mdl 64] Double Attack} 39. Ke2 Nxf3 40. gxf3 {[%mdl 4096] Endgame KRR-KRB} Rec8 41. Rb1 a5 42. e5 Rab8 43. f6 Re8 44. Rg1 g6 45. Rg5 dxe5 {Black is clearly winning.} 46. Rxe5 Kf8 47. Bc4 Rb6 {Accuracy: White = 50%, Black = 60%.} 0-1

[Event "WJCC U20 Girls 2019"]
[Site "New Delhi"]
[Date "2019.10.22"]
[Round "8.24"]
[White "Pychova, Nela"]
[Black "Tsotsonava, Elene"]
[Result "1/2-1/2"]
[WhiteElo "2178"]
[BlackElo "1905"]
[Annotator "RC"]
[PlyCount "31"]
[EventDate "2019.10.15"]
[EventType "swiss"]
[EventCountry "IND"]
[SourceTitle "playchess.com"]
[Source "ChessBase"]
[SourceQuality "1"]
[TimeControl "40/5400+30:1800+30"]

1. e4 {[%emt 0:00:00]} c5 {[%emt 0:00:00]} 2. Nc3 {[%emt 0:00:00]} Nc6 {[%emt 0:00:00]} 3. Bb5 {[%emt 0:01:12]} Nd4 {[%emt 0:00:18]} 4. Bc4 {[%emt 0:00:25]} g6 {[%emt 0:00:41]} 5. Nf3 {[%emt 0:01:17]} Bg7 {[%emt 0:00:49]} 6. Nxd4 {[%emt 0:01:37]} cxd4 {[%emt 0:00:08]} 7. Qf3 {[%emt 0:01:22]} Nf6 {[%emt 0:19:38]} 8. Nb5 {[%emt 0:36:09]} d6 {[%emt 0:05:37]} 9. Nxd4 {[%emt 0:01:10]} O-O {[%emt 0:04:27]} 10. Nb3 {[%emt 0:30:23]} Bg4 {[%emt 0:04:12]} 11. Qg3 {[%emt 0:02:28]} Rc8 {[%emt 0:01:29]} 12. Bd3 {[%emt 0:01:57]} Be6 {[%emt 0:10:38]} 13. c3 {[%emt 0:05:48]} b6 {[%emt 0:08:02]} 14. f3 {[%emt 0:00:30]} d5 {[%emt 0:00:30]} 15. Nd4 {[%emt 0:00:30]} Nh5 {[%emt 0:00:30]} 16. Nxe6 {[%emt 0:00:30]} 1/2-1/2

[Event "WJCC U20 Girls 2019"]
[Site "New Delhi"]
[Date "2019.10.22"]
[Round "8.25"]
[White "Mungunzul, Bat-Erdene"]
[Black "Nilssen, Ellen Fredericia"]
[Result "1/2-1/2"]
[WhiteElo "1912"]
[BlackElo "2137"]
[Annotator "TA"]
[PlyCount "60"]
[EventDate "2019.10.15"]
[EventType "swiss"]
[EventCountry "IND"]
[SourceTitle "playchess.com"]
[Source "ChessBase"]
[SourceQuality "1"]

{[%evp 19,60,-3,0,-4,-5,-10,0,0,0,-1,0,0,0,-12,-13,-19,0,-1,0,0,0,0,0,0,0,0,0,0,0,0,0,0,0,0,0,0,0,0,0,0,0,0,0]} 1. d4 d6 2. Nf3 Nf6 3. c4 g6 4. Nc3 Bf5 5. g3 Ne4 6. Nxe4 Bxe4 7. Bg2 Bg7 8. O-O O-O 9. b3 c5 10. Bb2 Nc6 {The position is equal.} 11. Qd2 {E60: King's Indian: Unusual lines and Fianchetto Variation without Nc3} Bxf3 12. Bxf3 cxd4 $146 ({Predecessor:} 12... Bxd4 13. Bxd4 cxd4 14. Bxc6 bxc6 {½-½ (17) Miles,A (2560)-Dzindzichashvili,R (2595) Wijk aan Zee 1979}) 13. Bxc6 bxc6 14. Bxd4 Bxd4 15. Qxd4 c5 16. Qc3 a5 17. e4 a4 18. e5 axb3 19. axb3 Qc7 20. exd6 Qxd6 21. Rfd1 Rxa1 22. Qxa1 $11 {[%mdl 4096] Endgame KQR-KQR} Qb6 23. Rd3 Rd8 24. Rxd8+ Qxd8 {KQ-KQ} 25. Kg2 Qd3 26. Qa8+ Kg7 27. Qf3 Qd6 28. Qe4 e6 29. Qb7 Kg8 30. h4 h5 {Accuracy: White = 95%, Black = 76%.} 1/2-1/2

[Event "WJCC U20 Girls 2019"]
[Site "New Delhi"]
[Date "2019.10.22"]
[Round "8.26"]
[White "Dwilewicz, Katarzyna"]
[Black "Toshali, V."]
[Result "1/2-1/2"]
[WhiteElo "2106"]
[BlackElo "1868"]
[Annotator "ChessBase"]
[PlyCount "107"]
[EventDate "2019.10.15"]
[EventType "swiss"]
[EventCountry "IND"]
[SourceTitle "playchess.com"]
[Source "ChessBase"]
[SourceQuality "1"]
[TimeControl "40/5400+30:1800+30"]

1. e4 {[%emt 0:00:00]} Nc6 {[%emt 0:00:00]} 2. d4 {[%emt 0:00:00]} e5 {[%emt 0:00:00]} 3. d5 {[%emt 0:00:19]} Nce7 {[%emt 0:00:00]} 4. Nf3 {[%emt 0:02:24]} Ng6 {[%emt 0:00:04]} 5. Nc3 {[%emt 0:00:30]} Nf6 {[%emt 0:00:25]} 6. g3 {[%emt 0:02:03]} Bc5 {[%emt 0:03:53]} 7. Bg2 {[%emt 0:01:35]} a6 {[%emt 0:00:41]} 8. Qd3 {[%emt 0:03:07]} d6 {[%emt 0:00:34]} 9. Be3 {[%emt 0:02:31]} Bb4 {[%emt 0:07:23]} 10. Bd2 {[%emt 0:05:56]} O-O {[%emt 0:00:44]} 11. O-O-O {[%emt 0:02:21]} Ng4 {[%emt 0:01:28]} 12. Rhf1 {[%emt 0:10:15]} Bd7 {[%emt 0:05:10]} 13. h3 {[%emt 0:02:51]} Nf6 {[%emt 0:02:20]} 14. Rfe1 {[%emt 0:00:46]} Qc8 {[%emt 0:11:00]} 15. h4 {[%emt 0:02:14]} Ng4 {[%emt 0:06:04]} 16. Qe2 {[%emt 0:02:41]} h5 {[%emt 0:07:19]} 17. Kb1 {[%emt 0:06:30]} b5 {[%emt 0:06:56]} 18. Rc1 {[%emt 0:08:52]} Qb7 {[%emt 0:08:58]} 19. Ng5 {[%emt 0:02:20]} a5 {[%emt 0:09:45]} 20. Bh3 {[%emt 0:09:57]} c6 {[%emt 0:10:08]} 21. dxc6 {[%emt 0:06:40]} Qxc6 {[%emt 0:00:12]} 22. Nd5 {[%emt 0:00:48]} Bxd2 {[%emt 0:01:15]} 23. Qxd2 {[%emt 0:00:34]} f6 {[%emt 0:00:20]} 24. f3 {[%emt 0:09:18]} Nh6 {[%emt 0:01:01]} 25. Bxd7 {[%emt 0:03:17]} Qxd7 {[%emt 0:00:01]} 26. Nb6 {[%emt 0:00:09]} Qc6 {[%emt 0:00:58]} 27. Nxa8 {[%emt 0:00:21]} fxg5 {[%emt 0:00:08]} 28. hxg5 {[%emt 0:08:04]} Nf7 {[%emt 0:00:17]} 29. Qxa5 {[%emt 0:00:08]} Rxa8 {[%emt 0:00:30]} 30. Qd2 {[%emt 0:00:13]} Qa6 {[%emt 0:04:50]} 31. a3 {[%emt 0:01:12]} Rb8 {[%emt 0:01:53]} 32. c3 {[%emt 0:02:01]} h4 {[%emt 0:03:54]} 33. gxh4 {[%emt 0:02:02]} Nf4 {[%emt 0:00:19]} 34. Rh1 {[%emt 0:00:29]} g6 {[%emt 0:00:21]} 35. Rcg1 {[%emt 0:02:09]} Nh5 {[%emt 0:00:41]} 36. Rc1 {[%emt 0:00:17]} Rc8 {[%emt 0:00:55]} 37. Qd5 {[%emt 0:00:27]} Nf4 {[%emt 0:00:40]} 38. Qb3 {[%emt 0:00:16]} Kg7 {[%emt 0:01:32]} 39. Rh2 {[%emt 0:00:04]} Rc4 {[%emt 0:01:33]} 40. Qd1 {[%emt 0:00:39]} Rc8 {[%emt 0:01:34]} 41. Qg1 {[%emt 0:05:26]} Qb7 {[%emt 0:02:37]} 42. Qf1 {[%emt 0:02:32]} Nd8 {[%emt 0:02:32]} 43. Rd2 {[%emt 0:02:18]} Qb6 {[%emt 0:02:12]} 44. c4 {[%emt 0:05:59]} b4 {[%emt 0:01:30]} 45. axb4 {[%emt 0:00:07]} Qxb4 {[%emt 0:00:09]} 46. Rcd1 {[%emt 0:01:47]} Nb7 {[%emt 0:01:44]} 47. Qe1 {[%emt 0:08:30]} Qb3 {[%emt 0:05:01]} 48. Rc2 {[%emt 0:05:42]} Ra8 {[%emt 0:04:40]} 49. Qc3 {[%emt 0:01:35]} Qa2+ {[%emt 0:01:04]} 50. Kc1 {[%emt 0:00:01]} Qa1+ {[%emt 0:00:24]} 51. Kd2 {[%emt 0:00:01]} Qa7 {[%emt 0:00:21]} 52. Qe3 {[%emt 0:02:20]} Qa5+ {[%emt 0:00:26]} 53. Qc3 {[%emt 0:00:13]} Qa7 {[%emt 0:00:07]} 54. Qe3 {[%emt 0:00:04]} 1/2-1/2

[Event "WJCC U20 Girls 2019"]
[Site "New Delhi"]
[Date "2019.10.22"]
[Round "8.27"]
[White "Fretel, Liza"]
[Black "Nastase, Andreea-Cristina"]
[Result "0-1"]
[WhiteElo "1877"]
[BlackElo "2077"]
[Annotator "NA RC"]
[PlyCount "94"]
[EventDate "2019.10.15"]
[EventType "swiss"]
[EventCountry "IND"]
[SourceTitle "playchess.com"]
[Source "ChessBase"]
[SourceQuality "1"]
[TimeControl "40/5400+30:1800+30"]

1. e4 {[%emt 0:00:00]} c5 {[%emt 0:00:00]} 2. Nc3 {[%emt 0:00:00]} Nc6 {[%emt 0:00:00]} 3. g3 {[%emt 0:00:00]} g6 {[%emt 0:00:12]} 4. Bg2 {[%emt 0:00:03]} Bg7 {[%emt 0:00:15]} 5. d3 {[%emt 0:00:21]} Rb8 {[%emt 0:00:18]} 6. Be3 {[%emt 0:00:15]} d6 {[%emt 0:00:35]} 7. a4 {[%emt 0:03:31]} a6 {[%emt 0:01:04]} 8. f4 {[%emt 0:00:34] B26: Closed Sicilian: 3 g3, lines with early Be3} (8. Nge2 Nf6 9. O-O O-O 10. h3 b5 11. axb5 axb5 12. Qd2 b4 13. Nd1 e5 14. Bh6 Nd4 15. Bxg7 Kxg7 16. Kh2 Bb7 17. Ne3 d5 18. exd5 Nxd5 19. Ng4 Nxe2 20. Qxe2 {1-0 (34) McShane,L (2640)-Chigaev,M (2555) Katowice 2017}) 8... e6 {[%emt 0:00:14]} 9. Nf3 {[%emt 0:02:02]} Nd4 {[%emt 0:00:50]} 10. O-O {[%emt 0:01:08]} Ne7 {[%emt 0:00:14]} 11. Ne1 {[%emt 0:06:44]} O-O {[%emt 0:00:21]} 12. Qd2 {[%emt 0:00:09]} b5 $146 {[%emt 0:02:57]} ({Predecessor:} 12... Nec6 13. Qf2 f5 14. Nd1 fxe4 15. dxe4 Ne5 16. h3 Nc4 17. Bc1 Bd7 18. Kh1 e5 19. b3 exf4 20. gxf4 {0-1 (34) Grosshans,R-Vossenkuhl,J Germany 1991}) 13. axb5 {[%emt 0:00:21]} axb5 {[%emt 0:00:05]} 14. Rb1 {[%emt 0:03:07]} Qb6 {[%emt 0:07:19]} 15. b4 {[%emt 0:04:21]} cxb4 {[%emt 0:12:01]} 16. Rxb4 {[%emt 0:00:38]} Qa5 {[%emt 0:07:00]} 17. Rxd4 {[%emt 0:04:02]} Nc6 {[%emt 0:05:37]} 18. Rxd6 {[%emt 0:00:23]} Bxc3 {[%emt 0:00:06]} 19. Qf2 {[%emt 0:00:48]} Qc7 {[%emt 0:01:47]} 20. e5 {[%emt 0:05:15]} Bd7 {[%emt 0:03:55]} 21. Bc5 {[%emt 0:06:00]} Rfc8 {[%emt 0:03:38]} 22. d4 {[%emt 0:02:18]} Na5 {[%emt 0:02:53]} 23. Ra6 {[%emt 0:08:16]} Nc4 {[%emt 0:01:41]} 24. Nd3 {[%emt 0:11:22]} Qd8 $16 {[%emt 0:07:01]} 25. Rd1 {[%emt 0:03:27]} b4 {[%emt 0:08:03]} 26. Bd6 {[%emt 0:14:59]} Bb5 {[%emt 0:01:53]} 27. Ra7 {[%emt 0:00:28]} Nxd6 {[%emt 0:00:51]} 28. exd6 {[%emt 0:01:07]} Qb6 {[%emt 0:00:06]} 29. d7 {[%emt 0:01:25]} Rd8 {[%emt 0:00:27]} 30. Ne5 {[%emt 0:02:56]} Qxa7 {[%emt 0:00:13]} 31. f5 {[%emt 0:02:01]} exf5 {[%emt 0:02:03]} 32. Bd5 {[%emt 0:00:49]} Rxd7 {[%emt 0:01:11]} 33. Nxd7 {[%emt 0:00:50]} Qxd7 {[%emt 0:00:13]} 34. Bf3 {[%emt 0:00:30]} Qa7 {[%emt 0:01:11]} 35. d5 {[%emt 0:01:25]} Qxf2+ {[%emt 0:00:04]} 36. Kxf2 {[%emt 0:00:04]} Ba4 {[%emt 0:00:32]} 37. Rc1 {[%emt 0:00:58]} Bb2 {[%emt 0:00:07]} 38. Rd1 {[%emt 0:00:54]} Bxc2 {[%emt 0:00:15]} 39. Rd2 {[%emt 0:00:05]} b3 {[%emt 0:00:02]} 40. d6 {[%emt 0:00:16]} Bc3 {[%emt 0:00:08]} 41. Re2 {[%emt 0:30:45]} Be4 {[%emt 0:30:53]} 42. Bxe4 {[%emt 0:01:11]} fxe4 {[%emt 0:00:03]} 43. Rxe4 {[%emt 0:00:40]} Rd8 {[%emt 0:00:05]} 44. Kf3 {[%emt 0:01:50]} b2 {[%emt 0:00:05]} 45. d7 {[%emt 0:00:13]} Rxd7 {[%emt 0:00:08]} 46. Re8+ {[%emt 0:00:06]} Kg7 {[%emt 0:00:03]} 47. Rb8 {[%emt 0:00:07]} Rd1 0-1

[Event "WJCC U20 Girls 2019"]
[Site "New Delhi"]
[Date "2019.10.22"]
[Round "8.28"]
[White "Ghosh Samriddhaa"]
[Black "Gomez Barrera, Javiera Belen"]
[Result "1-0"]
[WhiteElo "1867"]
[BlackElo "2033"]
[Annotator "NA"]
[PlyCount "111"]
[EventDate "2019.10.15"]
[EventType "swiss"]
[EventCountry "IND"]
[SourceTitle "playchess.com"]
[Source "ChessBase"]
[SourceQuality "1"]
[TimeControl "40/5400+30:1800+30"]

1. e4 {[%emt 0:00:00]} e5 {[%emt 0:00:00]} 2. Nf3 {[%emt 0:00:00]} Nc6 {[%emt 0:00:00]} 3. Nc3 {[%emt 0:00:19]} Nf6 {[%emt 0:00:00]} 4. g3 {[%emt 0:00:28]} Bc5 {[%emt 0:05:27]} 5. Bg2 {[%emt 0:02:07]} d6 {[%emt 0:04:18]} 6. O-O {[%emt 0:02:49]} a6 {[%emt 0:01:48]} 7. d3 {[%emt 0:00:48]} h6 {[%emt 0:02:34]} 8. a3 {[%emt 0:03:20]} Be6 {[%emt 0:01:17]} 9. Be3 {[%emt 0:02:46]} Bxe3 {[%emt 0:17:28]} 10. fxe3 {[%emt 0:01:56]} O-O {[%emt 0:07:17]} 11. Nh4 {[%emt 0:07:22]} g6 {[%emt 0:07:51]} 12. Qd2 {[%emt 0:05:38]} Nh7 {[%emt 0:10:44]} 13. d4 {[%emt 0:16:01]} Nb8 {[%emt 0:06:23]} 14. h3 $11 {[%emt 0:21:53]} Ng5 {[%emt 0:17:26]} 15. Kh2 {[%emt 0:02:04]} Qc8 {[%emt 0:05:13]} 16. g4 {[%emt 0:17:48]} Qd8 {[%emt 0:04:04]} 17. Qf2 {[%emt 0:03:40]} c6 {[%emt 0:03:09]} 18. Qg3 {[%emt 0:05:24]} Qc7 {[%emt 0:01:55]} 19. Rf2 {[%emt 0:01:37]} a5 {[%emt 0:00:36]} 20. d5 {[%emt 0:01:23]} Bc8 {[%emt 0:01:29]} 21. Raf1 {[%emt 0:00:53]} Nd7 {[%emt 0:00:05]} 22. dxc6 {[%emt 0:01:05]} bxc6 {[%emt 0:00:08]} 23. Rd2 {[%emt 0:00:29]} Nb6 {[%emt 0:01:45]} 24. b3 Be6 {[%emt 0:00:26]} 25. Rfd1 {[%emt 0:01:20]} Rfd8 {[%emt 0:00:22]} 26. a4 {[%emt 0:00:24]} Rd7 {[%emt 0:00:43]} 27. Qf2 {[%emt 0:00:41]} Rdd8 {[%emt 0:00:29]} 28. Qf6 {[%emt 0:00:37]} Nh7 {[%emt 0:00:27]} 29. Qf2 {[%emt 0:00:21]} Qe7 {[%emt 0:00:31]} 30. Nf3 {[%emt 0:00:36]} Nf8 {[%emt 0:00:34]} 31. Rd3 {[%emt 0:00:32]} Rac8 {[%emt 0:00:28]} 32. Qd2 {[%emt 0:00:24]} d5 {[%emt 0:00:25]} 33. Kg1 {[%emt 0:00:54]} Qc7 {[%emt 0:00:32]} 34. Ne1 {[%emt 0:00:23]} Rd7 {[%emt 0:00:34]} 35. exd5 {[%emt 0:00:36]} cxd5 {[%emt 0:00:20]} 36. Nxd5 {[%emt 0:00:22]} Bxd5 {[%emt 0:00:38]} 37. Bxd5 {[%emt 0:00:08]} Nh7 {[%emt 0:00:31]} 38. Bg2 {[%emt 0:00:36]} Rxd3 {[%emt 0:00:25]} 39. Qxd3 {[%emt 0:00:06]} Ng5 {[%emt 0:00:12]} 40. Qd6 {[%emt 0:00:51]} Qxd6 {[%emt 0:00:54]} 41. Rxd6 {[%emt 0:30:02]} Rb8 {[%emt 0:05:48]} 42. Nd3 {[%emt 0:00:00]} e4 {[%emt 0:06:18]} 43. Nf2 {[%emt 0:00:00]} Kf8 {[%emt 0:01:29]} 44. Nxe4 {[%emt 0:00:00]} Ke7 {[%emt 0:00:23]} 45. Rc6 {[%emt 0:00:00]} Ne6 {[%emt 0:00:11]} 46. Nc3 {[%emt 0:00:00]} Kd7 {[%emt 0:02:07]} 47. Nb5 {[%emt 0:00:00]} Nc8 {[%emt 0:00:48]} 48. Ra6 {[%emt 0:00:00]} Nc5 {[%emt 0:00:35]} 49. Rxa5 {[%emt 0:00:00]} Nb7 {[%emt 0:00:15]} 50. Ra6 {[%emt 0:00:00]} Nc5 {[%emt 0:00:07]} 51. Rf6 {[%emt 0:00:00]} Ke7 {[%emt 0:00:27]} 52. Rc6 {[%emt 0:00:00]} Ne6 {[%emt 0:00:24]} 53. c4 {[%emt 0:00:04]} Kd7 {[%emt 0:00:14]} 54. a5 {[%emt 0:00:38]} Nd8 {[%emt 0:01:41]} 55. Rc7+ {[%emt 0:00:17]} Ke8 {[%emt 0:00:48]} 56. a6 {[%emt 0:00:56]} 1-0